| 000 | 00455nam a22001697a 4500 | ||
|---|---|---|---|
| 005 | 20251108172649.0 | ||
| 008 | 250721s2002 xx 000 0 ara d | ||
| 082 | 1 | 4 | _a616.96/طيا |
| 100 | 1 | _aالطيار، إبراهيم | |
| 245 | 1 | 0 | _aعلم الطفيليات الطبي / |
| 264 | 1 |
_aعمان : _c2002. |
|
| 300 | _a173ص | ||
| 650 | 1 | 7 | _aالطفيليات |
| 650 | 1 | 7 | _aالأمراض الطفيلية |
| 942 |
_2ddc _cBK |
||
| 999 |
_c85312 _d85312 |
||